ბათუმის შოთა რუსთაველის სახელმწიფო უნივერსიტეტის ბიბლიოთეკა

ბაზისური და კლინიკური ენდოდონტია : (ბიბ.ჩანაწერი № 45863)

000 -ლიდერი
ფიქსირებული სიგრძის საკონტროლო ველი 01406nam a2200277Ia 4500
001 - საკონტროლო ნომერი
საკონტროლო ველი 12692
003 - საკონტროლო ნომრის იდენტიფიკატორი
საკონტროლო ველი GE_BSU
005 - ბოლო ოპერაციის თარიღი და დრო
საკონტროლო ველი 20240701120948.0
008 - ფიქსირებული სიგრძის მონაცემთა ელემენტები - ზოგადი ინფორმაცია
ფიქსირებული სიგრძის საკონტროლო ველი 181216s2012||||geo|||||||||||||| ||ge ||
020 ## - წიგნის საერთაშორისო სტანდარტული ნომერი
International Standard Book Number 9789941414756
020 ## - წიგნის საერთაშორისო სტანდარტული ნომერი
Terms of availability ნაჩუქარი
040 ## - კატალოგიზაციის წყარო
Transcribing agency GE_BSU
041 ## - ენის კოდი
Language code of text/sound track or separate title geo
080 ## - უნივერსალური ათობითი კლასიფიკაციის ინდექსი
Universal Decimal Classification number 616.314.16 გ-59
100 ## - მთავარი ჩანაწერი - პიროვნების სახელი
Personal name გოგილაშვილი, ქეთევან
9 (RLIN) 22632
245 ## - ცნობა სათაურის შესახებ
Title ბაზისური და კლინიკური ენდოდონტია :
Remainder of title [სახელმძღვ.] /
Statement of responsibility, etc ეთევან გოგილაშვილი, სოფიო სამხარაძე ; [ილიას სახელმწ. უნ-ტი, საქ. სტომატოლოგთა ასოციაცია]..
264 ## - წარმოების, გამოცემის, დისტრიბუციის და სხვა ცნობები
გამოცემის, წარმოების, დისტრიბუციის... ადგილი თბილისი :
გამოცემის, წარმოების, დისტრიბუციის... სახელწოდება სიესტა,
გამოცემის, წარმოების, დისტრიბუციის... თარიღი 2012.
300 ## - ფიზიკური აღწერა
Extent 406 გვ. :
Other physical details სურ. ;
Dimensions 24 სმ.
504 ## - BIBLIOGRAPHY, ETC. NOTE
Bibliography, etc ბიბლიოგრ. : გვ. 380-381
653 ## - INDEX TERM--UNCONTROLLED
Uncontrolled term ბაზისური და კლინიკური ენდოდონტია
653 ## - INDEX TERM--UNCONTROLLED
Uncontrolled term ენდოდონტია
700 ## - ADDED ENTRY--PERSONAL NAME
Personal name სამხარაძე, სოფიო
Relator term ავტორი
9 (RLIN) 10179
710 ## - ADDED ENTRY--CORPORATE NAME
Corporate name or jurisdiction name as entry element ილიას სახელმწ. უნ-ტი
9 (RLIN) 22633
710 ## - ADDED ENTRY--CORPORATE NAME
Corporate name or jurisdiction name as entry element საქ. სტომატოლოგთა ასოციაცია
9 (RLIN) 22634
942 ## - ADDED ENTRY ELEMENTS (KOHA)
Koha item type წიგნი
Source of classification or shelving scheme
ეგზემპლარები
ჩამოწერის სტატუსი დაკარგული ეგზემპლარის სტატუსი კლასიფიკაციის წყარო ან თაროზე გაწყობის სქემა დაზიანების სტატუსი არ გაიცემა მუდმივი მდებარეობა (დაცვის ადგილი) ამჟამინდელი ადგილსამყოფელი თაროზე განთავსების ადგილი შეძენის თარიღი სრული შენახვის შიფრი შტრიხკოდი ბოლო ოპერაციის თარიღი ეგზემპლარის მიმდევრობითი ნომერი (კეტერი?) ფასის ძალაში შესვლის თარიღი ეგზემპლარის სახეობა
          ბათუმის შოთა რუსთაველის სახელმწიფო უნივერსიტეტის მთავარი ბიბლიოთეკა ბათუმის შოთა რუსთაველის სახელმწიფო უნივერსიტეტის მთავარი ბიბლიოთეკა წიგნსაცავი 2018-12-17 616.314.16 გ-59 27029 2018-12-17 27029 2018-12-17 წიგნი
          ბათუმის შოთა რუსთაველის სახელმწიფო უნივერსიტეტის მთავარი ბიბლიოთეკა ბათუმის შოთა რუსთაველის სახელმწიფო უნივერსიტეტის მთავარი ბიბლიოთეკა წიგნსაცავი 2018-12-17 616.314.16 გ-59 27030 2018-12-17 27030 2018-12-17 წიგნი
          ბათუმის შოთა რუსთაველის სახელმწიფო უნივერსიტეტის მთავარი ბიბლიოთეკა ბათუმის შოთა რუსთაველის სახელმწიფო უნივერსიტეტის მთავარი ბიბლიოთეკა წიგნსაცავი 2018-12-17 616.314.16 გ-59 27031 2018-12-17 27031 2018-12-17 წიგნი
          ბათუმის შოთა რუსთაველის სახელმწიფო უნივერსიტეტის მთავარი ბიბლიოთეკა ბათუმის შოთა რუსთაველის სახელმწიფო უნივერსიტეტის მთავარი ბიბლიოთეკა წიგნსაცავი 2018-12-17 616.314.16 გ-59 27032 2018-12-17 27032 2018-12-17 წიგნი
          ბათუმის შოთა რუსთაველის სახელმწიფო უნივერსიტეტის მთავარი ბიბლიოთეკა ბათუმის შოთა რუსთაველის სახელმწიფო უნივერსიტეტის მთავარი ბიბლიოთეკა წიგნსაცავი 2018-12-17 616.314.16 გ-59 27033 2018-12-17 27033 2018-12-17 წიგნი